000 00468nam a2200193Ia 4500
003 OSt
005 20260507104745.0
008 250729s2005 xx 000 0 und d
040 _cAL
041 _akan
082 _a910 BLIG
100 _aBlij H
_9229085
245 _aGeography : regions and concepts,6th ed
260 _aಮೈಸೂರು
_c2005
300 _a469p
650 _aGeography
_9229086
700 _aRao Digumurthi
_9229087
942 _2ddc
_cBED
999 _c238214
_d238214